00686 2200205 4500001002100000005001500021035002500036245010000061260010100161300002500262008004100287082001400328084001600342100003100358650003300389700002200422850001200444990001200456990001200468YOGYA00000000001994620200320014255 a0010-08140000001966410a"Auf deutsch gesagt" Tutur kata kota jermannya /cpenulis, Schncider, Rudolf; pengolah, Sedhono31aBonn-Oedekoven :bHerstellung: Kollen Druck & Verlag GmbH,c[tahun terbit tidak teridentifikasi] a127 halaman ;c21 cm130730s xx g d04223a430.7 a430.7 SCH a1 aSchneider, Rudolfepenulis 4aBahasa Belanda--xTutur kata0 aSedhonoepengolah aYOPDYOG a13134-A a13134-A